Encyclopaedia of teaching of psychology

Bibliographic Details
Main Author: Kumar,Vijay
Format: Book
Published: India : Anmol Publications , 2002
Subjects:

MARC

LEADER 00000cam a2200000 7i4500
001 0000051374
005 20150921.0
008 150820
020 |a 8126111348 
090 0 0 |a 150.7   |b KUM 
100 0 |a Kumar,Vijay 
245 1 0 |a Encyclopaedia of teaching of psychology   |c Vijay Kumar 
260 |a India :   |b Anmol Publications ,   |c 2002 
300 |a 332pg. 
650 0 |a Teaching   |x Psychology aspects 
999 |a 0001279677   |b Book   |c Adult Collection   |e Cawangan Tangkak 
999 |a 0001279723   |b Book   |c Adult Collection   |e Cawangan Taman Sri Lambak 
999 |a 0001279724   |b Book   |c Adult Collection   |e Cawangan Bandar Tenggara